Catálogo público

Sistema Internacional de Medidas / (Record no. 171701)

MARC details
000 -CABECERA
campo de control de longitud fija 00669nam a2200253Ia 4500
001 - NÚMERO DE CONTROL
campo de control dia_1154
003 - IDENTIFICADOR DEL NÚMERO DE CONTROL
campo de control CHAP
005 - FECHA Y HORA DE LA ÚLTIMA TRANSACCIÓN
campo de control 20230120104921.0
008 - DATOS DE LONGITUD FIJA--INFORMACIÓN GENERAL
campo de control de longitud fija 220117s1979 xx 000 0 und d
010 ## - NÚMERO DE CONTROL DE LA BIBLIOTECA DEL CONGRESO
Número de control de LC 171701
020 ## - NÚMERO INTERNACIONAL ESTÁNDAR DEL LIBRO
Número Internacional Estándar del Libro 968-18-0630-1
040 ## - FUENTE DE LA CATALOGACIÓN
Centro/agencia transcriptor CHAP
082 ## - NÚMERO DE LA CLASIFICACIÓN DECIMAL DEWEY
Número de clasificación 389.150 A5Y
100 ## - ENTRADA PRINCIPAL--NOMBRE DE PERSONA
Nombre de persona Allard, Raymond
9 (RLIN) 4367
245 ## - MENCIÓN DE TÍTULO
Título Sistema Internacional de Medidas /
Mención de responsabilidad, etc. por Raymond Allard
260 ## - PUBLICACIÓN, DISTRIBUCIÓN, ETC.
Lugar de publicación, distribución, etc. México :
Nombre del editor, distribuidor, etc. Limusa,
Fecha de publicación, distribución, etc. 1979
300 ## - DESCRIPCIÓN FÍSICA
Extensión 63 p.
503 ## - NOTA DE HISTORIA BIBLIOGRÁFICA (BK CF MU) [OBSOLETO]
Nota de historia bibliográfica C/e
650 ## - PUNTO DE ACCESO ADICIONAL DE MATERIA--TÉRMINO DE MATERIA
Término de materia o nombre geográfico como elemento de entrada 1.Sistemas de medidas
9 (RLIN) 150168
901 ## - ELEMENTOS DE DATOS A LOCAL LDA (RLIN)
a 389.150 A5Y
902 ## - ELEMENTOS DE DATOS B LOCAL, LDB (RLIN)
a M
905 ## - ELEMENTOS DE DATOS E LOCAL, LDE (RLIN)
a 0000001979 MX X 0000000000SPA00
942 ## - ELEMENTOS DE PUNTO DE ACCESO ADICIONAL (KOHA)
Tipo de ítem Koha Libro
Fuente del sistema de clasificación o colocación Dewey Decimal Classification
Holdings
Estado de retiro Estado de pérdida Fuente del sistema de clasificación o colocación Estado dañado Restricciones de uso No para préstamo Código de colección Localización permanente Ubicación/localización actual Fecha de adquisición Fuente de adquisición Coste, precio normal de compra Número de inventario Total de préstamos Signatura topográfica completa Código de barras Fecha visto por última vez Número de copia Tipo de ítem Koha Información codificada de la localización en otra ubicación Precio válido a partir de Fecha del último préstamo
    Dewey Decimal Classification   Préstamo 5 días   General Ingenieria Agroindustrial Ingenieria Agroindustrial 18/01/2022 Compra Librería Patena F. 4529 / R. (30/04/1990) 3605.00 C/e   389.150 A5Y dia_3197 18/01/2022 6 Libro      
    Dewey Decimal Classification       General Ingenieria Agroindustrial Ingenieria Agroindustrial 18/01/2022         389.150 A5Y dia_2009 18/01/2022 1 Libro 1 18/01/2022  
    Dewey Decimal Classification   Préstamo 5 días   General Ingenieria Agroindustrial Ingenieria Agroindustrial 18/01/2022 Compra Librería Patena F. 4529 / R. (30/04/1990) 3605.00 C/e   389.150 A5Y dia_3193 18/01/2022 2 Libro      
    Dewey Decimal Classification   Préstamo 5 días   General Ingenieria Agroindustrial Ingenieria Agroindustrial 18/01/2022 Compra Librería Patena F. 4529 / R. (30/04/1990) 3605.00 C/e   389.150 A5Y dia_3194 18/01/2022 3 Libro      
    Dewey Decimal Classification   Préstamo 5 días   General Ingenieria Agroindustrial Ingenieria Agroindustrial 18/01/2022 Compra Librería Patena F. 4529 / R. (30/04/1990) 3605.00 C/e   389.150 A5Y dia_3195 18/01/2022 4 Libro      
    Dewey Decimal Classification   Préstamo 5 días   General Ingenieria Agroindustrial Ingenieria Agroindustrial 18/01/2022 Compra Librería Patena F. 4529 / R. (30/04/1990) 3605.00 C/e 1 389.150 A5Y dia_3196 16/11/2023 5 Libro     16/11/2023